Statistiques concernant Drapeaux en formes de Pays #4

Cliquez ici pour prendre le quiz!

Statistiques générales

  • Ce quiz a été pris 27 346 fois
  • Le résultat moyen est 11 sur 16

Statistiques - réponses

Réponse% Correct
France
100%
Suède
98%
Maroc
97%
Roumanie
93%
Jamaïque
92%
Albanie
87%
Chili
78%
Indonésie
75%
Arménie
64%
Singapour
60%
Ouzbékistan
53%
Tanzanie
52%
Palaos
44%
Burundi
40%
Eswatini
40%
Salomon
25%

Distribution des résultats

Percentile par nombre de réponses

% des personnes avec chaque résultat

Votre développement - résultats

Vous n’avez pas pris ce quiz